Ângulos agudos - Statistics

Estatísticas Gerais
  • Esse quiz foi jogado 11 vezes
  • A pontuação média é 3 de 9
Estatísticas das Respostas
Imagem Resposta % Correto
10º
100%
12º
100%
13º
100%
15º
100%
23º
100%
48º
100%
67º
100%
82º
100%
86º
100%
88º
100%
90º
100%
20º
67%
22º
50%
24º
50%
75º
50%
80º
50%
81º
50%
83º
50%
89º
50%
87º
33%
11º
0%
14º
0%
16º
0%
17º
0%
18º
0%
19º
0%
21º
0%
25º
0%
26º
0%
27º
0%
28º
0%
29º
0%
30º
0%
31º
0%
32º
0%
33º
0%
34º
0%
35º
0%
36º
0%
37º
0%
38º
0%
39º
0%
40º
0%
41º
0%
42º
0%
43º
0%
44º
0%
45º
0%
46º
0%
47º
0%
49º
0%
50º
0%
51º
0%
52º
0%
53º
0%
54º
0%
55º
0%
56º
0%
57º
0%
58º
0%
59º
0%
60º
0%
61º
0%
62º
0%
63º
0%
64º
0%
65º
0%
66º
0%
68º
0%
69º
0%
70º
0%
71º
0%
72º
0%
73º
0%
74º
0%
76º
0%
77º
0%
78º
0%
79º
0%
84º
0%
85º
0%
Nenhum quiz correspondente encontrado
Distribuição das Pontuações
Porcentagem de Pessoas com Cada Pontuação
Percentil de Números Respondidos
Sua Pontuação Histórica
Você não jogou esse quiz